000
00256nam a2200097Ia 4500
008
200302s9999 xx 000 0 und d
100
_a
Lance Vatcher
245
_a
Stonehenge Photographed By Theo Bergstrom
260
_b
United Kingdom Pvt. Ltd.
260
_c
1974
999
_c
2270
_d
2270